Problemy Rolnictwa Światowego Zeszyty Naukowe
Gespeichert in:
| Format: | Schriftenreihe |
|---|---|
| Sprache: | Englisch Polnisch |
| Veröffentlicht: |
Warsaw
Warsaw University of Life Sciences Press
|
| Tags: |
Keine Tags, Fügen Sie das erste Tag hinzu!
|
MARC
| LEADER | 00000nas1a2200000 4500 | ||
|---|---|---|---|
| 001 | 0306703 | ||
| 005 | 20250130083223.1 | ||
| 022 | |a 2544-0659 | ||
| 022 | |a 2081-6960 | ||
| 041 | 0 | |a eng | |
| 041 | 0 | |a pol | |
| 044 | |a PL | ||
| 245 | 1 | 0 | |a Problemy Rolnictwa Światowego |b Zeszyty Naukowe |
| 264 | 1 | |a Warsaw |b Warsaw University of Life Sciences Press | |